000 00368nam a2200145Ia 4500
008 191201s2012 xx 000 0 und d
082 _a004.65
_bMUA
100 _aSIVARAM MURTHY,C
245 0 _aAD HOC Wireless Networks Architectures and Protocols
250 _aIMP
260 _aN. delhi
_bPearson
_c2012
300 _a855
650 _aM.Tech(CSE)
942 _2ddc
_cBK
999 _c5432
_d5432